<?xml version="1.0" encoding="UTF-8"?>
<record
    xmlns:xsi="http://www.w3.org/2001/XMLSchema-instance"
    xsi:schemaLocation="http://www.loc.gov/MARC21/slim http://www.loc.gov/standards/marcxml/schema/MARC21slim.xsd"
    xmlns="http://www.loc.gov/MARC21/slim">

  <leader>01331nam a22002177a 4500</leader>
  <controlfield tag="005">20231122111354.0</controlfield>
  <controlfield tag="008">231117b           ||||| |||| 00| 0 eng d</controlfield>
  <datafield tag="020" ind1=" " ind2=" ">
    <subfield code="a">9788184871579</subfield>
  </datafield>
  <datafield tag="040" ind1=" " ind2=" ">
    <subfield code="c">AL</subfield>
  </datafield>
  <datafield tag="041" ind1=" " ind2=" ">
    <subfield code="a">eng</subfield>
  </datafield>
  <datafield tag="082" ind1=" " ind2=" ">
    <subfield code="2">23</subfield>
    <subfield code="a">541.35</subfield>
    <subfield code="b">VISP</subfield>
  </datafield>
  <datafield tag="100" ind1=" " ind2=" ">
    <subfield code="a">Viswanathan B</subfield>
    <subfield code="9">141956</subfield>
  </datafield>
  <datafield tag="245" ind1=" " ind2=" ">
    <subfield code="a">Photoelectrochemistry: principles and practices</subfield>
  </datafield>
  <datafield tag="260" ind1=" " ind2=" ">
    <subfield code="a">New Delhi</subfield>
    <subfield code="b">Narosa Publishing House</subfield>
    <subfield code="c">2014</subfield>
  </datafield>
  <datafield tag="300" ind1=" " ind2=" ">
    <subfield code="a">ix,198,A-5,B-3,C-4,D-3p.</subfield>
    <subfield code="b">PB</subfield>
    <subfield code="c">24x16cm.</subfield>
  </datafield>
  <datafield tag="365" ind1=" " ind2=" ">
    <subfield code="2">General</subfield>
    <subfield code="a">ABDI/0722/23</subfield>
    <subfield code="b">&#x20B9;447.00</subfield>
    <subfield code="c">&#x20B9;</subfield>
    <subfield code="d">&#x20B9;595.00</subfield>
    <subfield code="e">25%</subfield>
    <subfield code="f">27-10-2023</subfield>
  </datafield>
  <datafield tag="520" ind1=" " ind2=" ">
    <subfield code="a">Future energy needs have to be met essentially by properly harnessing solar radiation. As this area of research centers on the generation of hydrogen from water and also on the reduction of carbon dioxide and di-nitrogen to value added chemicals. Some of these aspects have been covered in this presentation. It is to be noted that forty years of research has not yielded the desired results and the clues for the causes for this failure is considered in this presentation.
From many respects that this exercise is considered to be unique and the contents of this book can be comprehended by general readers interested in the general topic of Energy.</subfield>
  </datafield>
  <datafield tag="650" ind1=" " ind2=" ">
    <subfield code="2">Physical chemistry </subfield>
    <subfield code="a">Photochemistry</subfield>
    <subfield code="9">141957</subfield>
  </datafield>
  <datafield tag="700" ind1=" " ind2=" ">
    <subfield code="a">Scibioh, Aulice M</subfield>
    <subfield code="9">141958</subfield>
  </datafield>
  <datafield tag="942" ind1=" " ind2=" ">
    <subfield code="2">ddc</subfield>
    <subfield code="c">BK</subfield>
  </datafield>
  <datafield tag="999" ind1=" " ind2=" ">
    <subfield code="c">229213</subfield>
    <subfield code="d">229213</subfield>
  </datafield>
  <datafield tag="952" ind1=" " ind2=" ">
    <subfield code="0">0</subfield>
    <subfield code="1">0</subfield>
    <subfield code="2">ddc</subfield>
    <subfield code="4">0</subfield>
    <subfield code="7">0</subfield>
    <subfield code="8">AC</subfield>
    <subfield code="a">SACPG</subfield>
    <subfield code="b">SACPG</subfield>
    <subfield code="d">2023-11-17</subfield>
    <subfield code="e">Academic Book Distributors</subfield>
    <subfield code="g">447.00</subfield>
    <subfield code="l">0</subfield>
    <subfield code="o">541.35 VISP</subfield>
    <subfield code="p">PG024484</subfield>
    <subfield code="r">2023-11-17 00:00:00</subfield>
    <subfield code="v">595.00</subfield>
    <subfield code="w">2023-11-17</subfield>
    <subfield code="y">BK</subfield>
  </datafield>
  <datafield tag="952" ind1=" " ind2=" ">
    <subfield code="0">0</subfield>
    <subfield code="1">0</subfield>
    <subfield code="2">ddc</subfield>
    <subfield code="4">0</subfield>
    <subfield code="7">0</subfield>
    <subfield code="8">AC</subfield>
    <subfield code="a">SACPG</subfield>
    <subfield code="b">SACPG</subfield>
    <subfield code="d">2023-11-17</subfield>
    <subfield code="e">Academic Book Distributors</subfield>
    <subfield code="g">447.00</subfield>
    <subfield code="l">0</subfield>
    <subfield code="o">541.35 VISP</subfield>
    <subfield code="p">PG024485</subfield>
    <subfield code="r">2023-11-17 00:00:00</subfield>
    <subfield code="v">595.00</subfield>
    <subfield code="w">2023-11-17</subfield>
    <subfield code="y">BK</subfield>
  </datafield>
  <datafield tag="952" ind1=" " ind2=" ">
    <subfield code="0">0</subfield>
    <subfield code="1">0</subfield>
    <subfield code="2">ddc</subfield>
    <subfield code="4">0</subfield>
    <subfield code="7">0</subfield>
    <subfield code="8">AC</subfield>
    <subfield code="a">SACPG</subfield>
    <subfield code="b">SACPG</subfield>
    <subfield code="d">2023-11-17</subfield>
    <subfield code="e">Academic Book Distributors</subfield>
    <subfield code="g">447.00</subfield>
    <subfield code="l">0</subfield>
    <subfield code="o">541.35 VISP</subfield>
    <subfield code="p">PG024486</subfield>
    <subfield code="r">2023-11-17 00:00:00</subfield>
    <subfield code="v">595.00</subfield>
    <subfield code="w">2023-11-17</subfield>
    <subfield code="y">BK</subfield>
  </datafield>
</record>
